000 00773nam0a22002531 4500
001 v19\rc\1839121
005 20250619142818.0
035 _a(NLR Aleph) 004933060
090 _a5700462
_c5700462
100 _a20071224d1908 |||y0rusy50 ca
101 0 _arus
102 _aRU
105 _aa z |||a|
200 1 _aПервые ласточки
_eСтихотворения для детей
_fН.Ч.
_gС рис. худож. Б.
210 _aСанкт-Петербург
_cэлектропеч. К.А. Четверикова
_d1908
215 _a122 с.
_cил.
_d24
702 0 _aН.Ч.
_4220
702 0 _aБ.
_4440
801 0 _aRU
_bNLR
_gpsbo
801 0 _aRU
_bRuMoRGB
_2psbo
801 1 _aRU
_bProSoft-M
_2rusmarc
852 _aNLR
_j37.5.4.24
942 _cBOOK
980 _aNB